000 01466 a2200229 4500
003 Nust
005 20170207153443.0
010 _a 90036827
020 _a0137175132 :
040 _cNust
082 0 0 _a621.38275
100 1 _aEtten, Wim van.
245 1 0 _aFundamentals of optical fiber communications /
_cWim van Etten and Jan van der Plaats.
260 _aNew York :
_bPrentice Hall,
_c1991.
300 _axii, 407 p. :
_bill. ;
_c24 cm.
440 0 _aPrentice Hall international series in optoelectronics
505 _aIntroduction (Page-1) Analysis of the Slab Waveguide (Page-20) Analysis of the Step Index Fiber (Page-33) Dispersion in the Step index Fiber (Page-60) The Monomode Fiber (Page-78) Propagation of light rays in Multimode Graded Index Fibers (Page-96) Dispersion in Graded index Fibers (Page-121) Light Sources and Detectors (Page-137) Modulation of Semiconductor Light Sources (Page-169) Transfer Characteristic and Impulse Response of Fiber Communication Systems (Page-185) Power Launching and Coupling Efficiency (Page-213) Receiver Principles and Signal to Noise Ratio Analog Receivers (Page-257) Receivers for Digital Optical Fiber Communication Systems (Page-283) System Noise (Page-304) System Components and Aspects of System Design (Page-324) Coherent Optical Fiber Communication (Page-351)
538 _aAlmirah No. 15 Shelf No. 3
650 0 _aOptical communications.
650 0 _aOptical fibers.
700 1 _aPlaats, Jan van der.
942 _2ddc
_cBK
999 _c186559
_d186559